Pengurusan ekonomi Malaysia : ucapan pilihan Dr. Mahathir Mohamad Perdana Menteri Malaysia

Bibliographic Details
Main Author: Mahathir bin Mohamad
Other Authors: Hashim Makaruddin, Mokhtar Ahmad
Format: Book
Published: Malaysia : ITNMB , 2003
Subjects:

MARC

LEADER 00000cam a2200000 7i4500
001 0000023605
005 20090406.0
008 081006
020 |a 9676113697 
020 |a 9789676113696 
090 0 0 |a 338.9595   |b MAH 
100 0 |a Mahathir bin Mohamad 
245 1 0 |a Pengurusan ekonomi Malaysia :   |b ucapan pilihan Dr. Mahathir Mohamad Perdana Menteri Malaysia   |c Mahathir bin Mohamad ; diedit oleh Hashim Makaruddin ; penterjemah Mokhtar Ahmad 
260 |a Malaysia :   |b ITNMB ,   |c 2003 
650 0 |a Asia   |x Economic conditions 
650 0 |a Malaysia   |x Economic conditions 
650 0 |a Malaysia   |x Economic policy 
650 0 |a Speeches, addresses, etc 
700 1 |a Hashim Makaruddin 
700 1 |a Mokhtar Ahmad 
999 |a 0000888630   |b Book   |c Adult Collection   |e Cawangan Bandar Penawar 
999 |a 0000888633   |b Book   |c Adult Collection   |e Cawangan Tmn. Ungku Tun Aminah 
999 |a 0000888634   |b Book   |c Adult Collection   |e Cawangan Segamat 
999 |a 0000888640   |b Book   |c Adult Collection   |e Cawangan Mersing 
999 |a 0000888641   |b Book   |c Adult Collection   |e Cawangan Bandar Penawar 
999 |a 0000910190   |b Book   |c Adult Collection   |e Cawangan Bandar Tenggara 
999 |a 0001025141   |b Book   |c Adult Collection   |e Cawangan Segamat 
999 |a 0001037256   |b Book   |c Adult Collection   |e Perbadanan Perpustakaan Awam Johor 
999 |a 0001068873   |b Book   |c Adult Collection   |e Perbadanan Perpustakaan Awam Johor 
999 |a 0001618882   |b Book   |c Adult Collection   |e Cawangan Batu Pahat 
999 |a 000888632   |b Book   |c Adult Collection   |e Cawangan Batu Pahat 
999 |a 000888637   |b Book   |c Adult Collection   |e Cawangan Muar